| 000 | 00332nam a2200133Ia 4500 | ||
|---|---|---|---|
| 005 | 20251222144732.0 | ||
| 008 | 251222s9999||||xx |||||||||||||| ||spa|| | ||
| 020 | _a84-86809-95-9 | ||
| 082 | _a626.1/F82 | ||
| 100 | _aFranco Sánchez, Francisco | ||
| 245 | 0 | _aMuhammad As-Safra: | |
| 264 | _bUniversidad de Alicante | ||
| 942 | _cLIB | ||
| 999 |
_c18632 _d18632 |
||